Europa - Statistics

Estatísticas Gerais
  • Esse quiz foi jogado 105 vezes
  • A pontuação média é 7 de 15
Estatísticas das Respostas
Hint Resposta % Correto
Qual é o seu maior país? Rússia
97%
Qual é o seu menor país? Vaticano
96%
Por que oceano é a Europa limitada a Oeste? Atlântico
84%
Quantos países fazem parte da Europa? 50
70%
Que mar limita a Europa a Sul? Mediterrâneo
66%
Em que país da Europa fica o maior estádio de futebol? Espanha
59%
Que mar limita a Europa a Sudeste? Negro
54%
Quantas estrelas tem a bandeira da UE? 12
51%
Por que oceano é a Europa limitada a Norte? Glacial Ártico
51%
Que tipo de aliança é a NATO? Militar
25%
Qual é o seu maior rio? Volga
13%
Como se chama a convenção entre países europeus que permite a abertura das fronteiras e livre circulação de pessoas entre os países signatários? Acordo de Schengen
11%
Como se chama o hino da UE? Hino à Alegria
6%
O que quer dizer a sigla UEFA? União das Associações Europeias de Futebol
5%
Qual é o seu ponto mais alto? Monte Elbrus
4%
Nenhum quiz correspondente encontrado
Distribuição das Pontuações
Porcentagem de Pessoas com Cada Pontuação
Percentil de Números Respondidos
Sua Pontuação Histórica
Você não jogou esse quiz